[Event "ICS rated bullet match"]
[Site "204.178.125.65"]
[Date "2000.11.18"]
[Round "?"]
[White "DynoMike"]
[Black "Hossa"]
[Result "0-1"]
[WhiteElo "1997"]
[BlackElo "2635"]
[PlyCount "106"]
[EventDate "2000.??.??"]

1. g3 Nf6 2. e3 e5 3. Bg2 d5 4. h3 Bd6 5. d3 O-O 6. Bd2 Nc6 7. Nc3 Be6 8. Qe2
d4 9. exd4 Nxd4 10. Qd1 c6 11. Be3 Qb6 12. Bxd4 exd4 13. Na4 Qa6 14. b3 b5 15.
Nb2 Bb4+ 16. Kf1 Qa3 17. Rb1 Rac8 18. Qc1 Bc3 19. Nd1 Qxc1 20. Rxc1 Bb4 21. Nf3
Ba3 22. Rb1 c5 23. Ne5 Rfd8 24. Be4 Rd6 25. Kg2 Re8 26. f3 Bxh3+ 27. Rxh3 Rxe5
28. Nf2 Re8 29. Rbh1 h6 30. g4 Nd5 31. Bxd5 Rxd5 32. Ne4 Kf8 33. Re1 f5 34.
gxf5 Rxf5 35. Kf2 Bb4 36. Rg1 Re6 37. Rhg3 g5 38. Rh3 Bc3 39. Rgh1 g4 40. Rxh6
Rxf3+ 41. Kg2 Rxh6 42. Rxh6 c4 43. Rh4 cxd3 44. cxd3 Rxd3 45. Rxg4 Rd1 46. Rf4+
Ke7 47. Nxc3 dxc3 48. Kf3 Rf1+ 49. Ke2 Rxf4 50. Kd3 b4 51. Kc2 Rf2+ 52. Kb1 a5
53. a3 a4 {DynoMike resigns} 0-1

[Event "ICS rated bullet match"]
[Site "204.178.125.65"]
[Date "2000.11.18"]
[Round "?"]
[White "Hossa"]
[Black "DynoMike"]
[Result "1-0"]
[WhiteElo "2636"]
[BlackElo "1996"]
[PlyCount "81"]
[EventDate "2000.??.??"]

1. e4 b6 2. d4 Bb7 3. Nc3 d6 4. Nf3 c6 5. Bd3 e6 6. O-O Be7 7. Be3 Nf6 8. e5
dxe5 9. Nxe5 Nd5 10. Nxd5 cxd5 11. Bb5+ Kf8 12. Qh5 g6 13. Bh6+ Kg8 14. Qe2 Bf8
15. Bxf8 Kxf8 16. Qd2 Kg7 17. Ng4 a6 18. Qh6+ Kg8 19. Ba4 b5 20. Bb3 Nd7 21. c3
Qf8 22. Qf4 Qg7 23. Qc7 Bc8 24. Rfe1 Nf6 25. Qd8+ Qf8 26. Qxf6 h5 27. Ne5 Qg7
28. Qd8+ Kh7 29. Qh4 Bb7 30. Bc2 Rhf8 31. Qxh5+ Kg8 32. Qh4 Rfe8 33. Nd7 Red8
34. Nf6+ Kf8 35. Re5 Rd6 36. Rae1 Rad8 37. Qg5 Bc8 38. R5e3 Bd7 39. Nh5 Qg8 40.
Qxd8+ Be8 41. Qxd6# {DynoMike checkmated} 1-0

[Event "ICS rated bullet match"]
[Site "204.178.125.65"]
[Date "2000.11.18"]
[Round "?"]
[White "DynoMike"]
[Black "Hossa"]
[Result "0-1"]
[WhiteElo "1995"]
[BlackElo "2637"]
[PlyCount "24"]
[EventDate "2000.??.??"]

1. g3 Nf6 2. Bh3 e5 3. f3 Bc5 4. d3 d5 5. Bxc8 Qxc8 6. Bg5 Nbd7 7. Bxf6 Nxf6 8.
Nd2 Qe6 9. a3 O-O 10. e4 Qb6 11. Rb1 Bxg1 12. Ke2 Qf2# {DynoMike checkmated}
0-1

[Event "ICS rated bullet match"]
[Site "204.178.125.65"]
[Date "2000.11.18"]
[Round "?"]
[White "Hossa"]
[Black "DynoMike"]
[Result "1-0"]
[WhiteElo "2638"]
[BlackElo "1994"]
[PlyCount "29"]
[EventDate "2000.??.??"]

1. e4 b6 2. d4 Bb7 3. Nc3 d6 4. Nf3 c6 5. Bd3 e6 6. O-O Be7 7. Be3 Nf6 8. e5
dxe5 9. Nxe5 Nfd7 10. Qg4 Nxe5 11. dxe5 Rg8 12. Bxh7 Rh8 13. Qxg7 Kd7 14. Rad1+
Kc7 15. Rxd8 {DynoMike resigns} 1-0

[Event "ICS rated bullet match"]
[Site "204.178.125.65"]
[Date "2000.11.18"]
[Round "?"]
[White "Hossa"]
[Black "CPUGrandMaster"]
[Result "0-1"]
[WhiteElo "2639"]
[BlackElo "2887"]
[PlyCount "110"]
[EventDate "2000.??.??"]

1. e4 e6 2. d4 d5 3. e5 c5 4. c3 Nc6 5. Nf3 Bd7 6. Be2 Nge7 7. O-O Nf5 8. Bd3
Nh4 9. Nxh4 Qxh4 10. Be3 Qd8 11. Qg4 Qb6 12. b3 cxd4 13. Bxd4 Nxd4 14. cxd4 Rc8
15. Rd1 g6 16. Qf4 Be7 17. Nd2 O-O 18. Nf3 Rc3 19. Rac1 Rfc8 20. Rxc3 Rxc3 21.
Ng5 Be8 22. h4 Qa5 23. Bb1 Kg7 24. h5 h6 25. Nf3 g5 26. Qd2 Qc7 27. Nh2 Ba3 28.
Ng4 Bb5 29. Nf6 Qc6 30. Ne8+ Kf8 31. Nd6 Ba6 32. Bh7 f5 33. Qe1 Bb4 34. a3 Bxa3
35. Rb1 Bd3 36. Rd1 Bb4 37. Ra1 Qb6 38. Qd1 Bxd6 39. exd6 Qxd6 40. Rxa7 Qc7 41.
Ra1 e5 42. Bg6 exd4 43. g4 Be4 44. Ra8+ Ke7 45. Re8+ Kd6 46. gxf5 Rc1 47. Re6+
Kd7 48. Be8+ Kd8 49. Rxe4 Rxd1+ 50. Kg2 dxe4 51. Bb5 Qc1 52. Bf1 Rxf1 53. f3
Rg1+ 54. Kh2 Rh1+ 55. Kg2 Qg1# {Hossa checkmated} 0-1

[Event "ICS rated blitz match"]
[Site "204.178.125.65"]
[Date "2000.11.18"]
[Round "?"]
[White "Hossa"]
[Black "EvilSilicon"]
[Result "0-1"]
[WhiteElo "2604"]
[BlackElo "2819"]
[PlyCount "108"]
[EventDate "2000.??.??"]

1. d4 Nf6 2. Nf3 d5 3. c4 c6 4. Qb3 dxc4 5. Qxc4 Bf5 6. e3 e6 7. Bd3 Bxd3 8.
Qxd3 c5 9. O-O cxd4 10. Nxd4 Nc6 11. Qb5 Qc7 12. Qc4 Bd6 13. Nf3 Rc8 14. Nc3
O-O 15. Nb5 Qb8 16. Qa4 Bc5 17. Bd2 a6 18. Nc3 Nb4 19. Ne4 Nxe4 20. Bxb4 b5 21.
Qc2 Bxb4 22. Qxe4 Rc4 23. Nd4 Bd6 24. Qh4 Qd8 25. Qe4 Qc7 26. Qh4 Rc8 27. Rad1
Ra4 28. Ra1 Be5 29. b3 Bxd4 30. exd4 Rb4 31. Rfd1 Rd8 32. Qe4 Qb6 33. Rac1 h6
34. g3 Rbxd4 35. Rxd4 Qxd4 36. Qb7 Qd6 37. h3 Qa3 38. Rc2 Qa5 39. Kg2 b4 40. f3
g6 41. h4 Rd1 42. Re2 Qc5 43. Rf2 a5 44. Qa8+ Kg7 45. g4 Rh1 46. Qb8 Qc1 47. f4
Rxh4 48. Rf3 Qh1+ 49. Kf2 Rh2+ 50. Ke3 Qg1+ 51. Rf2 Qxf2+ 52. Ke4 Qe1+ 53. Kd4
Qc3+ 54. Ke4 Re2# {Hossa checkmated} 0-1

[Event "ICS rated bullet match"]
[Site "204.178.125.65"]
[Date "2000.11.18"]
[Round "?"]
[White "ChesterX"]
[Black "Hossa"]
[Result "0-1"]
[WhiteElo "2439"]
[BlackElo "2633"]
[PlyCount "112"]
[EventDate "2000.??.??"]

1. e4 e6 2. d4 d5 3. Nc3 Bb4 4. e5 Ne7 5. a3 Bxc3+ 6. bxc3 c5 7. Qg4 O-O 8. Bd3
c4 9. Be2 f6 10. Nf3 Ng6 11. exf6 e5 12. Qh5 Rxf6 13. dxe5 Nf4 14. Bxf4 Rxf4
15. Ng5 h6 16. Nf3 Kh7 17. e6 Bxe6 18. Nd4 Qf6 19. Rb1 Nc6 20. Nxe6 Qxe6 21.
Rxb7 Re8 22. O-O Qxe2 23. Qxe2 Rxe2 24. Rc7 Rf6 25. Rc1 Ne5 26. Rf1 Rxc2 27.
Re7 Nd3 28. Rxa7 Rxc3 29. Rd7 Rxa3 30. Rxd5 Nxf2 31. Rd2 Ne4 32. Re2 Rxf1+ 33.
Kxf1 Ra1+ 34. Re1 Rxe1+ 35. Kxe1 Kg6 36. Ke2 Kf5 37. Ke3 Ke5 38. g3 Nxg3 39.
hxg3 c3 40. Kd3 c2 41. Kxc2 Kf5 42. Kd3 Kg4 43. Ke4 Kxg3 44. Kf5 h5 45. Kg6 h4
46. Kxg7 h3 47. Kf6 h2 48. Ke5 Kf3 49. Kd4 h1=Q 50. Kd5 Qc1 51. Kd4 Qc6 52. Ke5
Qd7 53. Kf6 Kf4 54. Kg6 Qe7 55. Kh6 Kf5 56. Kh5 Qh7# {ChesterX checkmated} 0-1

[Event "ICS rated bullet match"]
[Site "204.178.125.65"]
[Date "2000.11.18"]
[Round "?"]
[White "Hossa"]
[Black "ChesterX"]
[Result "1/2-1/2"]
[WhiteElo "2641"]
[BlackElo "2431"]
[PlyCount "189"]
[EventDate "2000.??.??"]

1. d4 Nf6 2. c4 g6 3. Nc3 Bg7 4. e4 O-O 5. Nf3 d6 6. Be2 e5 7. O-O Nc6 8. dxe5
dxe5 9. Be3 Re8 10. c5 Qe7 11. Qb3 Nd4 12. Nxd4 exd4 13. Bxd4 Nxe4 14. Nd5 Qd7
15. Bxg7 Kxg7 16. Rad1 Kg8 17. Nb6 cxb6 18. Rxd7 Bxd7 19. Bc4 Nxc5 20. Qf3 Be6
21. Bb5 Red8 22. b4 Bd5 23. Qf6 Ne4 24. Qe5 f6 25. Qb2 Rac8 26. Ra1 Nc3 27. Bf1
Kg7 28. f3 Nxa2 29. Rxa2 Bxa2 30. Qxa2 Rc1 31. Kf2 a6 32. Qe6 Rd2+ 33. Kg1 Rdd1
34. Qe7+ Kh6 35. Qf8+ Kg5 36. h4+ Kf5 37. g4+ Kf4 38. Qxf6+ Kg3 39. Qe5+ Kxf3
40. Qe2+ Kg3 41. Qh2+ Kxg4 42. Qh3+ Kh5 43. Qf3+ Kxh4 44. Qh3+ Kg5 45. Qe3+ Kf5
46. Qh3+ Kf4 47. Qh2+ Ke4 48. Qh4+ Ke5 49. Qe7+ Kf5 50. Qf7+ Kg5 51. Qe7+ Kh5
52. Qxh7+ Kg5 53. Qe7+ Kg4 54. Qe4+ Kh5 55. Qf3+ Kg5 56. Qe3+ Kf5 57. Qh3+ Kf4
58. Qh4+ Ke3 59. Qg5+ Ke4 60. Qxg6+ Ke5 61. Qe8+ Kd4 62. Qh8+ Kd5 63. Qg8+ Kd6
64. Qd8+ Kc6 65. Qf6+ Kd7 66. Qg7+ Ke6 67. Qg4+ Kf6 68. Qf3+ Kg5 69. Qg3+ Kf5
70. Qf2+ Ke4 71. Qe2+ Kd4 72. Qg4+ Kc3 73. Qc4+ Kb2 74. Qe2+ Ka3 75. Qe3+ Kxb4
76. Qe7+ Ka4 77. Qxb7 Rxf1+ 78. Kg2 Rg1+ 79. Kf2 Rcf1+ 80. Ke3 Re1+ 81. Kf4
Rgf1+ 82. Kg3 Ka5 83. Qd5+ b5 84. Qd2+ b4 85. Qd5+ Kb6 86. Qd6+ Kb5 87. Qd5+
Kb6 88. Qd6+ Ka7 89. Qc7+ Ka8 90. Qc8+ Ka7 91. Qc7+ Ka8 92. Qc8+ Ka7 93. Qc7+
Ka8 94. Qc8+ Ka7 95. Qc7+ {Game drawn by repetition} 1/2-1/2

[Event "ICS rated bullet match"]
[Site "204.178.125.65"]
[Date "2000.11.18"]
[Round "?"]
[White "praviano"]
[Black "Hossa"]
[Result "0-1"]
[WhiteElo "2042"]
[BlackElo "2632"]
[PlyCount "52"]
[EventDate "2000.??.??"]

1. e4 c5 2. Nf3 e6 3. d4 cxd4 4. Nxd4 a6 5. Nc3 b5 6. a3 b4 7. axb4 Bxb4 8. g4
d5 9. exd5 Qxd5 10. Qf3 Qxd4 11. Qxa8 Bxc3+ 12. bxc3 Qxc3+ 13. Kd1 Qxa1 14.
Qxb8 Qd4+ 15. Bd3 Qxg4+ 16. Ke1 Ne7 17. Ba3 Qa4 18. Bxe7 Qc6 19. Rg1 Qc3+ 20.
Kd1 Kxe7 21. Rxg7 Qxg7 22. Qc7+ Bd7 23. Qc5+ Ke8 24. Be4 Qg1+ 25. Ke2 Qxh2 26.
Qd6 Qxd6 {praviano resigns} 0-1

[Event "ICS rated bullet match"]
[Site "204.178.125.65"]
[Date "2000.11.18"]
[Round "?"]
[White "Hossa"]
[Black "praviano"]
[Result "1-0"]
[WhiteElo "2633"]
[BlackElo "2041"]
[PlyCount "39"]
[EventDate "2000.??.??"]

1. d4 e6 2. Nf3 d5 3. Bg5 Be7 4. Bxe7 Qxe7 5. c3 Nf6 6. e3 Nc6 7. Bb5 Bd7 8.
Nbd2 O-O 9. Ba4 Nd8 10. Bc2 c5 11. Ne5 Nc6 12. f4 cxd4 13. exd4 Rac8 14. O-O b5
15. Nb3 b4 16. Nc5 bxc3 17. bxc3 Na5 18. Qd3 Nc4 19. Nexd7 Nb2 20. Nxf6+ {
praviano resigns} 1-0

[Event "ICS rated bullet match"]
[Site "204.178.125.65"]
[Date "2000.11.18"]
[Round "?"]
[White "praviano"]
[Black "Hossa"]
[Result "0-1"]
[WhiteElo "2040"]
[BlackElo "2634"]
[PlyCount "28"]
[EventDate "2000.??.??"]

1. e4 e6 2. d4 d6 3. Nc3 d5 4. e5 c5 5. Nf3 cxd4 6. Nxd4 Nd7 7. Be2 Nxe5 8. O-O
Bd7 9. Bf4 Ng6 10. Bg3 a6 11. f4 Qb6 12. Kh1 Qxb2 13. Qd2 Bb4 14. Na4 Bxa4 {
praviano resigns} 0-1

[Event "ICS rated bullet match"]
[Site "204.178.125.65"]
[Date "2000.11.18"]
[Round "?"]
[White "Hossa"]
[Black "praviano"]
[Result "1-0"]
[WhiteElo "2635"]
[BlackElo "2039"]
[PlyCount "55"]
[EventDate "2000.??.??"]

1. d4 e6 2. Nf3 d5 3. Bg5 Be7 4. Bxe7 Qxe7 5. c3 Nf6 6. e3 O-O 7. Bd3 Nc6 8.
Bb5 Bd7 9. h3 Nd8 10. Bd3 c5 11. O-O Nc6 12. dxc5 e5 13. Bb5 a6 14. Ba4 e4 15.
Nd4 Qxc5 16. Nd2 Ne5 17. N2b3 Qc7 18. Bxd7 Nexd7 19. Ne2 Nc5 20. Nxc5 Qxc5 21.
Qd2 b5 22. Rfd1 Rfd8 23. Nd4 b4 24. cxb4 Qb6 25. a4 Rac8 26. b5 a5 27. Nc6 Rd6
28. Ne7+ {praviano resigns} 1-0

[Event "ICS rated bullet match"]
[Site "204.178.125.65"]
[Date "2000.11.18"]
[Round "?"]
[White "praviano"]
[Black "Hossa"]
[Result "0-1"]
[WhiteElo "2038"]
[BlackElo "2636"]
[PlyCount "30"]
[EventDate "2000.??.??"]

1. e4 e6 2. d4 d5 3. Nc3 Bb4 4. e5 Ne7 5. a3 Bxc3+ 6. bxc3 c5 7. Qg4 O-O 8. Nf3
f6 9. Bd3 fxe5 10. Nxe5 Nec6 11. Nf3 e5 12. Bxh7+ Kxh7 13. Qh5+ Kg8 14. dxe5
Qe8 15. Qh4 Nxe5 {praviano resigns} 0-1

[Event "ICS rated bullet match"]
[Site "204.178.125.65"]
[Date "2000.11.18"]
[Round "?"]
[White "Hossa"]
[Black "praviano"]
[Result "1-0"]
[WhiteElo "2637"]
[BlackElo "2037"]
[PlyCount "61"]
[EventDate "2000.??.??"]

1. d4 e6 2. Nf3 d5 3. Bg5 Be7 4. Bxe7 Qxe7 5. c3 Nf6 6. e3 O-O 7. Bd3 c5 8. O-O
Nc6 9. Nbd2 e5 10. dxe5 Nxe5 11. Nxe5 Qxe5 12. Nf3 Qh5 13. b4 cxb4 14. cxb4 Bg4
15. Rc1 Bxf3 16. Qxf3 Qxf3 17. gxf3 Rac8 18. Kg2 Rfd8 19. Bf5 Rxc1 20. Rxc1 g6
21. Bc8 b6 22. Ba6 Ne8 23. a4 Kf8 24. Kg3 Ke7 25. Rc6 Kd7 26. Rc2 Nd6 27. Rc1
f5 28. Kf4 Ne8 29. Ke5 Ke7 30. Bb7 Ng7 31. Rc7+ {praviano resigns} 1-0

[Event "ICS rated bullet match"]
[Site "204.178.125.65"]
[Date "2000.11.18"]
[Round "?"]
[White "praviano"]
[Black "Hossa"]
[Result "0-1"]
[WhiteElo "2036"]
[BlackElo "2638"]
[PlyCount "32"]
[EventDate "2000.??.??"]

1. e4 c5 2. d4 cxd4 3. Nf3 e5 4. Bc4 Qc7 5. Qe2 Bb4+ 6. c3 b5 7. Bxb5 dxc3 8.
O-O c2 9. Nc3 Bxc3 10. bxc3 Qxc3 11. Bg5 Bb7 12. Rac1 f6 13. Rxc2 Qb4 14. Rb2
Qxe4 15. Qd2 fxg5 16. Nxg5 Qxg2# {praviano checkmated} 0-1

[Event "ICS rated bullet match"]
[Site "204.178.125.65"]
[Date "2000.11.18"]
[Round "?"]
[White "Hossa"]
[Black "praviano"]
[Result "1-0"]
[WhiteElo "2639"]
[BlackElo "2035"]
[PlyCount "53"]
[EventDate "2000.??.??"]

1. d4 d5 2. Nf3 e6 3. e3 Nf6 4. Bd3 c5 5. b3 Nc6 6. a3 Qd7 7. O-O Bd6 8. dxc5
Bxc5 9. Bb2 Bd6 10. Nc3 Qc7 11. Nb5 Qb8 12. c4 Be7 13. cxd5 exd5 14. Qc2 O-O
15. Bxf6 Bxf6 16. Bxh7+ Kh8 17. Rab1 g6 18. Bxg6 fxg6 19. Qxg6 Bg7 20. Qh5+ Kg8
21. Qxd5+ Kh8 22. Nd6 Qc7 23. Qh5+ Kg8 24. Ng5 Bf5 25. Nxf5 Rxf5 26. Qh7+ Kf8
27. Ne6+ {praviano resigns} 1-0

[Event "ICS rated bullet match"]
[Site "204.178.125.65"]
[Date "2000.11.18"]
[Round "?"]
[White "praviano"]
[Black "Hossa"]
[Result "0-1"]
[WhiteElo "2034"]
[BlackElo "2640"]
[PlyCount "32"]
[EventDate "2000.??.??"]

1. e4 e6 2. d4 d5 3. Nc3 Bb4 4. e5 Ne7 5. a3 Bxc3+ 6. bxc3 c5 7. Qg4 O-O 8. Bd3
c4 9. Be2 f6 10. exf6 Rxf6 11. Bg5 Qa5 12. Bxf6 Qxc3+ 13. Kf1 Qxa1+ 14. Bd1 Ng6
15. Be5 Nc6 16. Nf3 Qxd1+ {praviano resigns} 0-1

[Event "ICS rated bullet match"]
[Site "204.178.125.65"]
[Date "2000.11.18"]
[Round "?"]
[White "Hossa"]
[Black "praviano"]
[Result "1-0"]
[WhiteElo "2641"]
[BlackElo "2033"]
[PlyCount "27"]
[EventDate "2000.??.??"]

1. d4 e6 2. Nf3 d6 3. e4 c6 4. Bd3 b6 5. O-O f6 6. d5 a6 7. Nd4 cxd5 8. exd5
exd5 9. Qh5+ Kd7 10. Ne6 Kxe6 11. Bf5+ Ke5 12. Bd7+ Kd4 13. Qg4+ Kc5 14. b4# {
praviano checkmated} 1-0

[Event "ICS rated bullet match"]
[Site "204.178.125.65"]
[Date "2000.11.18"]
[Round "?"]
[White "praviano"]
[Black "Hossa"]
[Result "0-1"]
[WhiteElo "2030"]
[BlackElo "2644"]
[PlyCount "36"]
[EventDate "2000.??.??"]

1. e4 e6 2. d4 d5 3. Nc3 Bb4 4. e5 Ne7 5. a3 Bxc3+ 6. bxc3 c5 7. Qg4 O-O 8. Bd3
c4 9. Be2 f6 10. exf6 Rxf6 11. Bg5 Qa5 12. Kd2 e5 13. Qg3 Nf5 14. Qxe5 Re6 15.
Qf4 Re4 16. Qf3 Nxd4 17. Qg3 Nbc6 18. Qd6 Nf5 {praviano resigns} 0-1

[Event "ICS rated bullet match"]
[Site "204.178.125.65"]
[Date "2000.11.18"]
[Round "?"]
[White "Hossa"]
[Black "praviano"]
[Result "1-0"]
[WhiteElo "2645"]
[BlackElo "2029"]
[PlyCount "51"]
[EventDate "2000.??.??"]

1. d4 d5 2. Nf3 e6 3. e3 c5 4. dxc5 Bxc5 5. Bd3 Nf6 6. O-O O-O 7. b3 Nc6 8. Bb2
Qc7 9. Bxf6 gxf6 10. Nd4 Kh8 11. Qh5 f5 12. Nxc6 bxc6 13. Nc3 Qe5 14. Na4 Bb6
15. Nxb6 axb6 16. a4 Rg8 17. Qxf7 Rg7 18. Qe8+ Rg8 19. Qxc6 Ba6 20. Bxa6 Rxa6
21. b4 Raa8 22. Qxb6 Rg7 23. Qd4 Qd6 24. Rfd1 Rag8 25. g3 h5 26. Qh4 {
praviano resigns} 1-0

[Event "ICS rated bullet match"]
[Site "204.178.125.65"]
[Date "2000.11.18"]
[Round "?"]
[White "praviano"]
[Black "Hossa"]
[Result "0-1"]
[WhiteElo "2028"]
[BlackElo "2646"]
[PlyCount "42"]
[EventDate "2000.??.??"]

1. a3 Nf6 2. e3 e5 3. d4 exd4 4. exd4 d5 5. c4 Be7 6. Nc3 O-O 7. cxd5 Re8 8.
Be2 Nxd5 9. Nf3 c6 10. O-O Bf5 11. Ne5 Bd6 12. f4 Nd7 13. Nxd5 cxd5 14. Qb3 Nb6
15. Bb5 Re7 16. Kh1 f6 17. Nf3 Qc7 18. Nh4 Be4 19. Bd2 Nc4 20. Rac1 Nxd2 21.
Qd1 Qa5 {praviano resigns} 0-1

[Event "ICS rated blitz match"]
[Site "204.178.125.65"]
[Date "2000.11.18"]
[Round "?"]
[White "Hossa"]
[Black "LeTiger"]
[Result "0-1"]
[WhiteElo "2624"]
[BlackElo "2883"]
[PlyCount "100"]
[EventDate "2000.??.??"]

1. d4 d5 2. Nf3 Nf6 3. Bf4 Bf5 4. e3 e6 5. Bd3 Bxd3 6. cxd3 Bd6 7. Bxd6 cxd6 8.
Qb3 Qd7 9. Nc3 Nc6 10. O-O O-O 11. e4 dxe4 12. dxe4 d5 13. e5 Ne4 14. Qc2 Nb4
15. Qe2 Nxc3 16. bxc3 Nc6 17. Ng5 h6 18. Nf3 Na5 19. Nd2 Rfc8 20. Rfc1 Rc6 21.
Rc2 Rac8 22. Qb5 Qc7 23. Rac1 Nc4 24. Nxc4 Rxc4 25. Qb2 Qc6 26. Qb3 b5 27. a3
a5 28. Rb1 b4 29. axb4 axb4 30. f3 Rxc3 31. Rxc3 bxc3 32. Qc2 Qc4 33. Qf2 c2
34. Rc1 Qd3 35. g3 Qd1+ 36. Qf1 Qxd4+ 37. Kg2 Qd2+ 38. Kh3 d4 39. f4 d3 40. Kg4
Qe3 41. Kh3 d2 42. Rxc2 Rxc2 43. Qb1 Qd3 44. Qd1 Rc1 45. Qa4 d1=Q 46. Qe8+ Kh7
47. Qxf7 Qf5+ 48. Qxf5+ exf5 49. e6 Rc2 50. Kh4 Rxh2# {Hossa checkmated} 0-1

[Event "ICS rated blitz match"]
[Site "204.178.125.65"]
[Date "2000.11.18"]
[Round "?"]
[White "LeTiger"]
[Black "Hossa"]
[Result "1-0"]
[WhiteElo "2898"]
[BlackElo "2618"]
[PlyCount "85"]
[EventDate "2000.??.??"]

1. c4 Nf6 2. Nc3 g6 3. e4 d6 4. d4 Bg7 5. f4 O-O 6. Nf3 Na6 7. Be2 c5 8. d5 b6
9. O-O Bb7 10. Ng5 Bc8 11. a3 Bb7 12. e5 dxe5 13. fxe5 Nd7 14. e6 fxe6 15. Nxe6
Rxf1+ 16. Qxf1 Bd4+ 17. Nxd4 cxd4 18. Nb5 Qf8 19. Nxd4 Qxf1+ 20. Bxf1 Nac5 21.
Bf4 Rf8 22. Bh6 Rc8 23. Re1 Kf7 24. b4 Na4 25. Nb5 a6 26. Bg5 Nf6 27. d6 Ng8
28. Na7 Ra8 29. d7 Rd8 30. c5 bxc5 31. Bc4+ Kg7 32. Bxg8 Kxg8 33. Rxe7 Rxd7 34.
Rxd7 Be4 35. Bh6 cxb4 36. axb4 Bf5 37. Rg7+ Kf8 38. Nc6 Nc3 39. Re7+ Kg8 40.
Ne5 Bd7 41. Rxd7 Ne2+ 42. Kf2 Kh8 43. Rd8# {Hossa checkmated} 1-0

[Event "ICS rated bullet match"]
[Site "204.178.125.65"]
[Date "2000.11.18"]
[Round "?"]
[White "Hossa"]
[Black "kanari"]
[Result "1-0"]
[WhiteElo "2647"]
[BlackElo "2238"]
[PlyCount "63"]
[EventDate "2000.??.??"]

1. c4 e6 2. Nc3 d5 3. d4 Nf6 4. cxd5 Nxd5 5. e4 Nxc3 6. bxc3 c5 7. Nf3 Be7 8.
Bd3 O-O 9. O-O Nc6 10. Be3 b6 11. Bf4 cxd4 12. Bb5 Bb7 13. cxd4 a6 14. Ba4 b5
15. Bb3 Na5 16. Qc2 Rc8 17. Qe2 Nxb3 18. axb3 Qb6 19. Rfc1 Rfd8 20. Qd3 a5 21.
Rxc8 Rxc8 22. Bd2 b4 23. Ne5 Ba6 24. Qe3 Bf6 25. Nd7 Qb5 26. Nxf6+ gxf6 27.
Qg3+ Kf8 28. Qh4 Ke7 29. e5 Rc2 30. Qxf6+ Ke8 31. Bg5 Qb8 32. Qe7# {
kanari checkmated} 1-0

[Event "ICS rated blitz match"]
[Site "204.178.125.65"]
[Date "2000.11.18"]
[Round "?"]
[White "Hossa"]
[Black "PostModernist"]
[Result "0-1"]
[WhiteElo "2613"]
[BlackElo "2574"]
[PlyCount "170"]
[EventDate "2000.??.??"]

1. c4 Nf6 2. Nc3 e5 3. e4 Bc5 4. g3 d6 5. Nf3 Ng4 6. d4 exd4 7. Nxd4 Nc6 8. Be3
Nxe3 9. fxe3 Ne5 10. Be2 O-O 11. Qb3 Bg4 12. O-O Bh3 13. Rf2 Qd7 14. Na4 Bb6
15. Nxb6 axb6 16. Qb5 Qe7 17. Qb3 Nd7 18. Qc3 Nc5 19. Nf5 Bxf5 20. Rxf5 Qxe4
21. Rff1 Rfe8 22. Bf3 Qxe3+ 23. Qxe3 Rxe3 24. Bd5 Re7 25. b4 Nd3 26. b5 Ra4 27.
Bxb7 Rxc4 28. Rad1 Ne5 29. Rf2 Rb4 30. Ba6 h5 31. Rdf1 g6 32. Rc2 d5 33. Rd2 d4
34. Rf4 Rb1+ 35. Kg2 d3 36. Bb7 Re1 37. h3 g5 38. Rff2 h4 39. gxh4 gxh4 40. Bd5
Rd7 41. Bb3 Re3 42. Rf5 Rg3+ 43. Kf1 Nf3 44. Rg2 Rxg2 45. Kxg2 Nd4 46. Rg5+ Kf8
47. Bd1 f5 48. Rh5 Kg8 49. Kf2 Re7 50. Rxh4 Nxb5 51. Rf4 d2 52. Rxf5 Nc3 53.
Bb3+ Kh7 54. Kg2 d1=R 55. Bxd1 Nxd1 56. Rf3 Kg6 57. Rd3 Ne3+ 58. Kg3 Nf5+ 59.
Kf4 Re2 60. a3 Kf6 61. Kf3 Rh2 62. Ke4 Rh1 63. Rf3 Re1+ 64. Kd5 Re6 65. Kc4 Re3
66. Rxe3 Nxe3+ 67. Kb5 c5 68. h4 c4 69. Kb4 b5 70. a4 bxa4 71. Kxa4 c3 72. Ka3
c2 73. Kb2 Kg6 74. Kc1 Kh5 75. Kb2 Kxh4 76. Kc1 Kg3 77. Kd2 Kf2 78. Kc1 Ke1 79.
Kb2 Kd2 80. Kb3 c1=Q 81. Kb4 Qc2 82. Kb5 Qc7 83. Kb4 Qb6+ 84. Ka4 Kc2 85. Ka3
Qa5# {Hossa checkmated} 0-1

[Event "ICS rated blitz match"]
[Site "204.178.125.65"]
[Date "2000.11.18"]
[Round "?"]
[White "PostModernist"]
[Black "Hossa"]
[Result "0-1"]
[WhiteElo "2592"]
[BlackElo "2595"]
[PlyCount "140"]
[EventDate "2000.??.??"]

1. e4 e6 2. d4 Be7 3. Nc3 d5 4. exd5 exd5 5. Qf3 Nf6 6. Bg5 O-O 7. Be2 Re8 8.
O-O-O Nc6 9. h4 a5 10. Bxf6 Bxf6 11. Nxd5 Bxd4 12. c3 Ne5 13. Nf6+ Qxf6 14.
Qxf6 Nd3+ 15. Bxd3 Bxf6 16. Ne2 g6 17. Nf4 Be5 18. Nd5 Be6 19. Bc4 Rad8 20.
Rhe1 Bxd5 21. Rxd5 Rxd5 22. Bxd5 Bf4+ 23. Kd1 Rd8 24. c4 c6 25. Re4 Bd6 26. Rd4
cxd5 27. cxd5 Kg7 28. g4 Bc5 29. Rd2 Kf6 30. f4 Be3 31. Rd3 Bxf4 32. Ke2 Rd7
33. Kf3 Ke5 34. Rb3 Bc1 35. Rb5 Rxd5 36. Rxb7 Rd3+ 37. Kg2 Rd2+ 38. Kf3 Rxb2
39. Rc7 Bd2 40. Rxf7 Rxa2 41. Rxh7 Ra3+ 42. Ke2 Bf4 43. Rg7 Kf6 44. Ra7 Bg3 45.
h5 gxh5 46. gxh5 Kg5 47. Rh7 Bf4 48. Rh8 Re3+ 49. Kd1 Be5 50. Ra8 Rd3+ 51. Ke2
Rd5 52. Kf3 Bc3 53. Rc8 Bg7 54. Ke4 Re5+ 55. Kd3 Kxh5 56. Rc7 Bf6 57. Rc1 Kg6
58. Kc4 a4 59. Rc2 a3 60. Ra2 Re4+ 61. Kd5 Ra4 62. Kc6 Kf5 63. Kb5 Ra7 64. Kb6
Bd4+ 65. Kc6 Ke4 66. Kd6 Ra6+ 67. Kd7 Kd5 68. Kc7 Ra7+ 69. Kb8 Kc6 70. Re2 Rb7+
{PostModernist resigns} 0-1

[Event "ICS rated bullet match"]
[Site "204.178.125.65"]
[Date "2000.11.18"]
[Round "?"]
[White "CPUGrandMaster"]
[Black "Hossa"]
[Result "1-0"]
[WhiteElo "2893"]
[BlackElo "2650"]
[PlyCount "103"]
[EventDate "2000.??.??"]

1. d4 Nf6 2. c4 g6 3. Nc3 Bg7 4. e4 O-O 5. Nf3 d6 6. Be2 e5 7. O-O Nc6 8. d5
Nb8 9. a3 c6 10. b3 Na6 11. Qc2 Bd7 12. Bg5 h6 13. Bd2 Ng4 14. dxc6 bxc6 15. b4
Nc7 16. h3 Nf6 17. Be3 Qe7 18. Qd2 g5 19. Rfd1 g4 20. hxg4 Nxg4 21. Qxd6 Qxd6
22. Rxd6 Be8 23. Bd2 h5 24. Nh4 Ne6 25. Nf5 Rd8 26. Rxd8 Nxd8 27. f3 Nf6 28.
Be3 Nb7 29. Bxa7 Bd7 30. Nxg7 Kxg7 31. Bb6 Rc8 32. a4 Be6 33. c5 Rg8 34. a5 Nd7
35. a6 Nd6 36. a7 Ra8 37. Ba6 Kh6 38. cxd6 Nxb6 39. Bb7 Bd7 40. Bxa8 Nxa8 41.
Ra6 Kg7 42. Na4 Be8 43. Nb6 Nxb6 44. Rxb6 Bd7 45. Rb7 Bc8 46. a8=Q Be6 47. d7
Bxd7 48. Rxd7 h4 49. Qe8 Kh6 50. Qxf7 c5 51. Qf6+ Kh5 52. Rh7# {
Hossa checkmated} 1-0

[Event "ICS rated blitz match"]
[Site "204.178.125.65"]
[Date "2000.11.18"]
[Round "?"]
[White "Hossa"]
[Black "Artemus-Z"]
[Result "1-0"]
[WhiteElo "2611"]
[BlackElo "2490"]
[PlyCount "109"]
[EventDate "2000.??.??"]

1. d4 Nf6 2. c4 e6 3. Nc3 Bb4 4. e3 O-O 5. Nf3 d5 6. a3 Bxc3+ 7. bxc3 c5 8. Bb2
Nc6 9. a4 Ne4 10. Bd3 f5 11. Rb1 cxd4 12. exd4 dxc4 13. Bxc4 Qc7 14. Qd3 Na5
15. Ba2 Bd7 16. O-O Rae8 17. Qc2 Nc4 18. Bc1 Rc8 19. Re1 Nb6 20. a5 Na4 21. d5
Naxc3 22. dxe6 Ba4 23. e7+ Rf7 24. Bxf7+ Kxf7 25. Qd3 Nxb1 26. Qxb1 Qxa5 27.
Qxb7 Rc7 28. e8=Q+ Kxe8 29. Qb8+ Kf7 30. Ba3 Kg6 31. Qg8 Ng5 32. Ne5+ Kh6 33.
Re2 Bb5 34. h4 Bxe2 35. hxg5+ Kxg5 36. Bd6 Rb7 37. Qxh7 Bh5 38. f4+ Kh4 39.
Qxf5 Qe1+ 40. Kh2 Qg3+ 41. Kg1 a5 42. Kf1 Be2+ 43. Kg1 Bh5 44. Qe4 Qb3 45. Bc5
Qg3 46. Bf2 Rb3 47. Ng6+ Bxg6 48. Qxg6 Rb1+ 49. Qxb1 g5 50. Qf5 gxf4 51. Qxf4+
Kh5 52. Qxg3 Kh6 53. Qg8 a4 54. Be3+ Kh5 55. Qg5# {Artemus-Z checkmated} 1-0